000 00378nam a2200157Ia 4500
008 230711s9999||||xx |||||||||||||| ||und||
041 _aENG
082 _a720
_bCA-R
100 _aCantacuzino,S
245 0 _aRe-Architecture: Old Buildings New Uses
250 _a1st Ed.
260 _c1984
_aNew York
_bAbbeville Press
300 _a224
650 _aArchitecture
942 _cBK
999 _c2748
_d2748